|
|
|
|
| LEADER |
00000nam0a2200000 4500 |
| 001 |
16652 |
| 005 |
20251212135653.0 |
| 010 |
|
|
|a 5268010239
|
| 035 |
|
|
|a (RuTPU)RU\TPU\book\16780
|
| 035 |
|
|
|a BOOK00001468
|
| 090 |
|
|
|a 16652
|
| 100 |
|
|
|a 20011209d1990 km y0rusy50 ca
|
| 101 |
0 |
|
|a rus
|
| 102 |
|
|
|a RU
|
| 105 |
|
|
|a y z 000ab
|
| 200 |
1 |
|
|a Сочинения Екатерины II
|f сост. О. Н. Михайлов
|
| 210 |
|
|
|a Москва
|c Советская Россия
|d 1990
|
| 215 |
|
|
|a 384 с.
|
| 600 |
|
0 |
|a Екатерина Великая
|d II
|f 1729-1796
|c российская императрица с 1762
|c урожденная Софья Фредерика Августа Анхельт-Цербстская
|2 stltpui
|3 (RuTPU)RU\TPU\pers\98
|
| 606 |
|
|
|a Россия
|x История
|z 1762-1801
|9 81862
|
| 610 |
1 |
|
|a 18 век
|
| 675 |
|
|
|a Р1
|v 3
|
| 686 |
|
|
|a Т3(2)513
|2 rubbk
|
| 702 |
|
1 |
|a Михайлов
|b О. Н.
|4 220
|
| 801 |
|
0 |
|a RU
|b 63413507
|c 20011209
|g PSBO
|
| 801 |
|
2 |
|a RU
|b 63413507
|c 20121225
|g PSBO
|
| 942 |
|
|
|c BK
|